Epistle to the Romans, part 2. (Record no. 5672)

000 -LEADER
fixed length control field 00591nam a2200181 a 4500
001 - CONTROL NUMBER
control field :::00003414$&:&@@
003 - CONTROL NUMBER IDENTIFIER
control field OkBaRHE
005 - DATE AND TIME OF LATEST TRANSACTION
control field 20000607103305.0
008 - FIXED-LENGTH DATA ELEMENTS--GENERAL INFORMATION
fixed length control field s1949 j 000 0 eng u
040 ## - CATALOGING SOURCE
Transcribing agency
100 1# - MAIN ENTRY--PERSONAL NAME
Personal name Barnhouse, Donald Grey, 1895-1960.
245 10 - TITLE STATEMENT
Title Epistle to the Romans, part 2.
260 ## - PUBLICATION, DISTRIBUTION, ETC. (IMPRINT)
Place of publication, distribution, etc Philadelphia, PA., :
Name of publisher, distributor, etc Donald Grey Barnhouse, Publisher
Date of publication, distribution, etc c1949
300 ## - PHYSICAL DESCRIPTION
Extent 115 p. ;
Dimensions 21 cm.
650 ## - SUBJECT ADDED ENTRY--TOPICAL TERM
Topical term or geographic name as entry element Bible New Testament Romans
General subdivision Study
942 ## - ADDED ENTRY ELEMENTS (KOHA)
Source of classification or shelving scheme
Koha item type Books
Copies
Source of classification or shelving scheme Lost status Damaged status Not for loan Barcode Date last seen Date acquired Copy number Withdrawn status Shelving location Permanent Location Koha item type Full call number Price effective from
    34142018-03-282010-04-141 General StacksRHEMA Bible Training CollegeBooksBS 2665 .B3112010-04-14